Čo je a čo nie je podnikanie
Rozlíšenie pojmov podnikavec a podnikateľ. Podnikanie a právne predpisy. Kto je podnikateľ v zmysle zákona (charakteristika). Živnosť ako sústavná činnosť, živnostenské podnikanie. Čo nie je živnosť - viaceré činnosti rozdelené do viacerých profesných, resp. inak odborne zameraných skupín, resp. dru...
Salvato in:
| Autore principale: | |
|---|---|
| Natura: | Capitolo di libro |
| Lingua: | slovacco |
| Soggetti: | |
| Tags: |
Nessun Tag, puoi essere il primo ad aggiungerne!!
|
MARC
| LEADER | 00000naa a2200000 4500 | ||
|---|---|---|---|
| 001 | r018424 | ||
| 005 | 20221213100059.6 | ||
| 041 | 0 | |a slo | |
| 044 | |a SK | ||
| 245 | 1 | 0 | |a Čo je a čo nie je podnikanie |c Z. Németh |
| 520 | |a Rozlíšenie pojmov podnikavec a podnikateľ. Podnikanie a právne predpisy. Kto je podnikateľ v zmysle zákona (charakteristika). Živnosť ako sústavná činnosť, živnostenské podnikanie. Čo nie je živnosť - viaceré činnosti rozdelené do viacerých profesných, resp. inak odborne zameraných skupín, resp. druhov alebo oblastí činnosti, alebo pôsobenia subjektov (22 druhov). | ||
| 610 | 2 | 0 | |a podnikanie |
| 610 | 2 | 0 | |a podnikatelia |
| 610 | 2 | 0 | |a živnosti |
| 610 | 2 | 0 | |a predpisy právne |
| 610 | 2 | 0 | |a zákony |
| 610 | 2 | 0 | |a Slovensko |
| 100 | 1 | |a Németh, Z. | |